[Event "Oberliga NRW 2122"]
[Site "Germany"]
[Date "2022.04.10"]
[Round "8.8"]
[White "Strathoff, Martin"]
[Black "Kaehmann, Joerg"]
[Result "0-1"]
[WhiteElo "2131"]
[BlackElo "2169"]
[PlyCount "90"]
[EventDate "2021.10.31"]
[EventType "team-tourn"]
[EventRounds "9"]
[EventCountry "GER"]
[SourceTitle "EXT 2023"]
[Source "ChessBase"]
[SourceDate "2022.10.05"]
[SourceVersion "1"]
[SourceVersionDate "2022.10.05"]
[SourceQuality "1"]
[WhiteTeam "Brackel"]
[BlackTeam "Wattenscheid"]
[WhiteTeamCountry "GER"]
[BlackTeamCountry "GER"]

1. d4 Nf6 2. c4 e6 3. Nc3 Bb4 4. f3 c5 5. a3 Bxc3+ 6. bxc3 Nc6 7. e4 d6 8. Be3 b6 9. Bd3 e5 10. Ne2 Na5 11. Nc1 Ba6 12. Nb3 Nxc4 13. Qe2 cxd4 14. cxd4 Rc8 15. Bf2 0-0 16. dxe5 dxe5 17. Rc1 b5 18. 0-0 Qd6 19. Bxa7 Rfd8 20. Rfd1 Qxa3 21. Nc5 Ra8 22. Ra1 Qc3 23. Bxc4 Rxd1+ 24. Qxd1 Qe3+ 25. Kh1 bxc4 26. Rxa6 h6 27. Qg1 Qe2 28. Ra1 Nh5 29. Na4 Nf4 30. Re1 Qc2 31. Ra1 Rxa7 32. g3 Rxa4 33. Rxa4 Qxa4 34. gxf4 exf4 35. Qd4 Qb3 36. Kg2 Qc2+ 37. Kh3 Qd3 38. Qf2 c3 39. Kg4 c2 40. Qc5 g5 41. Qc6 Kg7 42. Kf5 Qd4 43. e5 Qd3+ 44. Kg4 Qg6 45. Qxc2 Qxc2 0-1

[Event "NRW Class1 1718"]
[Site "Germany"]
[Date "2018.02.18"]
[Round "6.8"]
[White "Strathoff, Martin"]
[Black "Marchenko, Dmitry"]
[Result "1-0"]
[WhiteElo "2032"]
[BlackElo "1642"]
[PlyCount "119"]
[EventDate "2017.09.17"]
[EventType "team-tourn"]
[EventRounds "9"]
[EventCountry "GER"]
[SourceTitle "EXT 2019"]
[Source "ChessBase"]
[SourceDate "2018.10.10"]
[SourceVersion "1"]
[SourceVersionDate "2018.10.10"]
[SourceQuality "1"]
[WhiteTeam "Brackel"]
[BlackTeam "Iserlohn Koenigsspringer"]
[WhiteTeamCountry "GER"]
[BlackTeamCountry "GER"]

1. d4 e6 2. c4 d5 3. Nc3 Be7 4. cxd5 exd5 5. Bf4 Nf6 6. e3 0-0 7. Bd3 c5 8. Nge2 Nc6 9. h3 cxd4 10. exd4 a6 11. 0-0 Be6 12. Rc1 Qd7 13. Na4 Rae8 14. a3 b5 15. Nc5 Bxc5 16. dxc5 Rc8 17. a4 Nb4 18. Nd4 Ne4 19. Nxe6 fxe6 20. Be3 Nxd3 21. Qxd3 bxa4 22. Qxa6 d4 23. c6 Qd5 24. Rfd1 dxe3 25. Rxd5 exf2+ 26. Kh2 exd5 27. Qd3 Rfd8 28. g3 Rc7 29. Kg2 h6 30. Qd4 Rf7 31. c7 Rc8 32. Qxd5 Rcxc7 33. Qd8+ Kh7 34. Rf1 a3 35. bxa3 Rc3 36. Qd5 Rxg3+ 37. Kh2 Rf4 38. Qe5 Rgf3 39. Qd5 Rh4 40. Qe6 Ng5 41. Qe5 Rfxh3+ 42. Kg2 Rf3 43. Rxf2 Rxf2+ 44. Kxf2 Re4 45. Qf5+ Kg8 46. Qd7 Rf4+ 47. Kg2 Rf7 48. Qc8+ Kh7 49. a4 h5 50. a5 h4 51. Qg4 h3+ 52. Kg3 Rf1 53. Qh5+ Kg8 54. Qe8+ Kh7 55. Qe3 Kh6 56. a6 Ra1 57. a7 Ra2 58. Qb6+ g6 59. Qb7 Ra3+ 60. Kf2 1-0

[Event "Ruhrgebiet Regionalliga 1516"]
[Site "Germany"]
[Date "2015.11.15"]
[Round "3.7"]
[White "Strathoff, Martin"]
[Black "Busche, Klaus"]
[Result "1/2-1/2"]
[WhiteElo "2038"]
[BlackElo "1943"]
[PlyCount "125"]
[EventDate "2015.09.13"]
[EventType "team-tourn"]
[EventRounds "9"]
[EventCountry "GER"]
[SourceTitle "EXT 2022"]
[Source "ChessBase"]
[SourceDate "2021.10.06"]
[SourceVersion "1"]
[SourceVersionDate "2021.10.06"]
[SourceQuality "1"]
[WhiteTeam "Brackel SF"]
[BlackTeam "Ahlen SV"]
[WhiteTeamCountry "GER"]
[BlackTeamCountry "GER"]

1. d4 d5 2. c4 Nc6 3. Nc3 dxc4 4. Nf3 Nf6 5. Bg5 h6 6. Bxf6 exf6 7. e3 Bd6 8. Bxc4 0-0 9. 0-0 Ne7 10. Qb3 c6 11. Nh4 b5 12. Bd3 Be6 13. Qd1 Qd7 14. Rc1 f5 15. a3 Rfd8 16. Nf3 Rab8 17. Qe2 f6 18. Rfd1 a6 19. Qc2 a5 20. Nd2 a4 21. Ne2 Rbc8 22. Ng3 Re8 23. Qb1 f4 24. Nge4 fxe3 25. fxe3 Nd5 26. Re1 Bf7 27. Nf1 Bf8 28. Qc2 Nb6 29. Qf2 Be7 30. Bb1 Kh8 31. Nc5 Bxc5 32. Rxc5 Nd5 33. Ng3 Ne7 34. Ne4 Nd5 35. Ng3 Ne7 36. Nf5 Nxf5 37. Bxf5 Be6 38. Bg6 Re7 39. Bb1 Rf7 40. Qc2 f5 41. Rc1 Bb3 42. Qc3 Bc4 43. Bd3 Bxd3 44. Qxd3 Rff8 45. Qc3 f4 46. e4 f3 47. gxf3 Qh3 48. Rf1 Rf6 49. Rf2 Rcf8 50. Rf5 Rg6+ 51. Kh1 Rxf5 52. exf5 Qxf5 53. Qc2 Qxc2 54. Rxc2 Rd6 55. Rd2 Rd5 56. Kg2 c5 57. f4 Kh7 58. Kf3 cxd4 59. Ke4 Rh5 60. Kxd4 Rh3 61. Kc5 Rb3 62. f5 Kg8 63. Kd5 1/2-1/2

[Event "Ruhrgebiet Regionalliga 1415"]
[Site "Germany"]
[Date "2015.05.03"]
[Round "9.6"]
[White "Friedrich, Patrick"]
[Black "Strathoff, Martin"]
[Result "1-0"]
[WhiteElo "1906"]
[BlackElo "2039"]
[PlyCount "83"]
[EventDate "2014.09.28"]
[EventType "team-tourn"]
[EventRounds "9"]
[EventCountry "GER"]
[SourceTitle "EXT 2022"]
[Source "ChessBase"]
[SourceDate "2021.10.06"]
[SourceVersion "1"]
[SourceVersionDate "2021.10.06"]
[SourceQuality "1"]
[WhiteTeam "Borbeck Weisse Dame"]
[BlackTeam "Brackel SF"]
[WhiteTeamCountry "GER"]
[BlackTeamCountry "GER"]

1. d4 d5 2. c4 e6 3. Nf3 Nf6 4. g3 Be7 5. Bg2 0-0 6. 0-0 c6 7. Qc2 Nbd7 8. b3 h6 9. Bf4 Ne4 10. Ne1 f5 11. f3 Nd6 12. Nd3 Nf7 13. Nc3 dxc4 14. bxc4 Nb6 15. c5 Nd5 16. Nxd5 Qxd5 17. Be3 Bf6 18. f4 Bxd4 19. Bxd5 Bxe3+ 20. Kg2 cxd5 21. Rab1 d4 22. c6 b6 23. Qa4 e5 24. fxe5 g5 25. Rb5 Be6 26. Rfb1 Rfc8 27. Qc2 Rc7 28. Nb4 Rd8 29. Na6 Re7 30. c7 Rc8 31. a4 Kg7 32. a5 Ree8 33. axb6 axb6 34. Qc6 d3 35. exd3 Bd4 36. Re1 Re7 37. Rb4 Bxe5 38. d4 Bd6 39. Rbb1 Rce8 40. Rxe6 Rxe6 41. c8Q Re2+ 42. Kg1 1-0

[Event "Ruhrgebiet Regionalliga 1415"]
[Site "Germany"]
[Date "2015.01.25"]
[Round "5.6"]
[White "Strathoff, Martin"]
[Black "Schaller, Torsten"]
[Result "1-0"]
[WhiteElo "2049"]
[BlackElo "2041"]
[PlyCount "43"]
[EventDate "2014.09.28"]
[EventType "team-tourn"]
[EventRounds "9"]
[EventCountry "GER"]
[SourceTitle "EXT 2022"]
[Source "ChessBase"]
[SourceDate "2021.10.06"]
[SourceVersion "1"]
[SourceVersionDate "2021.10.06"]
[SourceQuality "1"]
[WhiteTeam "Brackel SF"]
[BlackTeam "Welper SV"]
[WhiteTeamCountry "GER"]
[BlackTeamCountry "GER"]

1. d4 Nf6 2. c4 e6 3. Nc3 Bb4 4. f3 c5 5. d5 d6 6. e4 0-0 7. Bd3 Nbd7 8. Nge2 Ne5 9. 0-0 exd5 10. exd5 Nfd7 11. f4 Nxd3 12. Qxd3 Bxc3 13. Nxc3 Re8 14. Bd2 Nf6 15. f5 Ng4 16. Qg3 Ne5 17. Bh6 g6 18. Ne4 Kh8 19. Bg5 Qc7 20. Nf6 Bd7 21. Qh4 h5 22. Nxh5 1-0

[Event "Dortmund Sparkassen op-A"]
[Site "Dortmund"]
[Date "2013.08.03"]
[Round "8"]
[White "Strathoff, Martin"]
[Black "Reisberg, Andre"]
[Result "0-1"]
[WhiteElo "2059"]
[BlackElo "1955"]
[PlyCount "114"]
[EventDate "2013.07.27"]
[EventType "swiss"]
[EventRounds "9"]
[EventCountry "GER"]
[SourceTitle "CBM 155 Extra"]
[Source "ChessBase"]
[SourceDate "2013.08.26"]
[SourceVersion "1"]
[SourceVersionDate "2013.08.26"]
[SourceQuality "1"]

1. d4 d5 2. c4 c6 3. Nf3 Nf6 4. Nc3 e6 5. Bg5 h6 6. Bh4 Be7 7. e3 Nbd7 8. Bd3 0-0 9. 0-0 dxc4 10. Bxc4 Nd5 11. Bxe7 Qxe7 12. Qc2 Nxc3 13. bxc3 b5 14. Bd3 Bb7 15. Rab1 Rab8 16. a4 a6 17. Rb2 Nb6 18. axb5 cxb5 19. Ne5 Rfc8 20. Qd2 Bd5 21. f4 Bc4 22. f5 Bxd3 23. Qxd3 Nc4 24. Rbf2 Nxe5 25. dxe5 exf5 26. Rxf5 Rf8 27. Qd4 Rbd8 28. Qf4 Rde8 29. Rf3 f6 30. Qh4 Kh7 31. exf6 Rxf6 32. Rxf6 gxf6 33. Rh3 Qg7 34. Rg3 Qf7 35. h3 Re5 36. Rf3 Kg7 37. Qg4+ Rg5 38. Qc8 a5 39. Qa8 a4 40. Rf4 Qe7 41. Kf2 Qd7 42. Rd4 Qc7 43. g4 Re5 44. Rd8 Qf7 45. Qc6 Qa2+ 46. Kf3 Qe6 47. Qb7+ Kg6 48. Qa7 a3 49. h4 a2 50. Rd2 Rxe3+ 51. Kf2 Rxc3 52. Rxa2 Qxg4 53. h5+ Qxh5 54. Kf1 Qh1+ 55. Ke2 Qg2+ 56. Kd1 Qf1+ 57. Kd2 Rd3+ 0-1

[Event "Dortmund Sparkassen op-A"]
[Site "Dortmund"]
[Date "2013.07.28"]
[Round "2"]
[White "Schuetzhold, Frank"]
[Black "Strathoff, Martin"]
[Result "0-1"]
[WhiteElo "1886"]
[BlackElo "2059"]
[PlyCount "78"]
[EventDate "2013.07.27"]
[EventType "swiss"]
[EventRounds "9"]
[EventCountry "GER"]
[SourceTitle "CBM 155 Extra"]
[Source "ChessBase"]
[SourceDate "2013.08.26"]
[SourceVersion "1"]
[SourceVersionDate "2013.08.26"]
[SourceQuality "1"]

1. b3 e5 2. Bb2 Nc6 3. c4 Nf6 4. e3 Be7 5. Nc3 0-0 6. Nf3 d6 7. Be2 Bf5 8. d3 Qd7 9. 0-0 h6 10. a3 a5 11. Qc2 Bh7 12. e4 Ne8 13. Nd5 f5 14. Nd2 Bd8 15. Ne3 g6 16. g4 Nd4 17. Qd1 Nxe2+ 18. Qxe2 f4 19. Ng2 f3 20. Nxf3 Qxg4 21. Nd4 Qh3 22. Nc2 Nf6 23. Qe3 Qh5 24. f4 Be7 25. Qg3 Nd7 26. Nce3 Rae8 27. Nd5 c6 28. Nxe7+ Rxe7 29. Bc3 b6 30. b4 a4 31. f5 Ref7 32. Ne3 Kh8 33. fxg6 Bxg6 34. Rxf7 Rxf7 35. Rf1 Rg7 36. Kf2 Bxe4 37. dxe4 Rxg3 38. hxg3 Nf6 39. Rg1 Nxe4+ 0-1

[Event "Ruhrgebiet Regionalliga 1213"]
[Site "Nordrheinwestfalen"]
[Date "2013.01.27"]
[Round "5.4"]
[White "Bobzin, Pierre David"]
[Black "Strathoff, Martin"]
[Result "0-1"]
[WhiteElo "2051"]
[BlackElo "2060"]
[PlyCount "74"]
[EventDate "2012.09.09"]
[EventType "team-tourn"]
[EventRounds "9"]
[EventCountry "GER"]
[SourceTitle "EXT 2020"]
[Source "ChessBase"]
[SourceDate "2019.10.17"]
[SourceVersion "1"]
[SourceVersionDate "2019.10.17"]
[SourceQuality "1"]
[WhiteTeam "Holsterhausen SK"]
[BlackTeam "Brackel SF"]
[WhiteTeamCountry "GER"]
[BlackTeamCountry "GER"]

1. Nf3 d5 2. g3 Nf6 3. Bg2 e6 4. 0-0 Be7 5. d3 0-0 6. Nbd2 c5 7. e4 Nc6 8. Re1 Qc7 9. e5 Nd7 10. Qe2 Nd4 11. Nxd4 cxd4 12. Nf3 Bb4 13. Bd2 Bxd2 14. Qxd2 Qb6 15. Rab1 Nb8 16. h4 Nc6 17. h5 f5 18. exf6 gxf6 19. Nh4 Ne7 20. f4 Bd7 21. Qe2 Rac8 22. Qg4+ Kf7 23. h6 Rg8 24. Qh5+ Kf8 25. Qf3 Rxc2 26. Rec1 Rxc1+ 27. Rxc1 Qxb2 28. Rc7 Bc6 29. Bh3 Qb6 30. Bxe6 Qxc7 31. Bxg8 Nxg8 32. Nf5 Ne7 33. Ng7 Bd7 34. g4 Qc1+ 35. Kg2 Ng6 36. Kg3 Qe1+ 37. Kh3 Qh4+ 0-1

[Event "Ruhrgebiet Regionalliga 1213"]
[Site "Nordrheinwestfalen"]
[Date "2012.09.09"]
[Round "1.4"]
[White "Strathoff, Martin"]
[Black "Kilian, Ralf"]
[Result "1/2-1/2"]
[WhiteElo "2060"]
[BlackElo "2180"]
[PlyCount "63"]
[EventDate "2012.09.09"]
[EventType "team-tourn"]
[EventRounds "9"]
[EventCountry "GER"]
[SourceTitle "EXT 2020"]
[Source "ChessBase"]
[SourceDate "2019.10.17"]
[SourceVersion "1"]
[SourceVersionDate "2019.10.17"]
[SourceQuality "1"]
[WhiteTeam "Brackel SF"]
[BlackTeam "Kamen SV"]
[WhiteTeamCountry "GER"]
[BlackTeamCountry "GER"]

1. d4 d5 2. c4 e6 3. Nc3 c5 4. Nf3 Nc6 5. cxd5 exd5 6. g3 Nf6 7. Bg2 Be7 8. 0-0 0-0 9. Bg5 c4 10. b3 cxb3 11. axb3 Be6 12. Ne5 Rc8 13. Nxc6 Rxc6 14. Qd3 a6 15. Rfb1 Qc8 16. Rc1 h6 17. Bd2 Bf5 18. Qe3 Re8 19. Nxd5 Nxd5 20. Bxd5 Bg5 21. Bxc6 Rxe3 22. Bg2 Qe8 23. fxe3 Bxe3+ 24. Bxe3 Qxe3+ 25. Kf1 Be4 26. Bxe4 Qxe4 27. Rd1 Qh1+ 28. Kf2 Qxh2+ 29. Kf3 Qh5+ 30. Kf2 Qf5+ 31. Kg1 Qg4 32. Kf2 1/2-1/2

[Event "Dortmund Sparkassen op-A"]
[Site "Dortmund"]
[Date "2012.07.21"]
[Round "8"]
[White "Strathoff, Martin"]
[Black "Kartsev, Soel"]
[Result "0-1"]
[WhiteElo "2074"]
[BlackElo "2198"]
[PlyCount "116"]
[EventDate "2012.07.14"]
[EventType "swiss"]
[EventRounds "9"]
[EventCountry "GER"]
[SourceTitle "CBM 149 Extra"]
[Source "ChessBase"]
[SourceDate "2012.08.24"]
[SourceVersion "1"]
[SourceVersionDate "2012.08.24"]
[SourceQuality "1"]

1. d4 f5 2. g3 Nf6 3. Bg2 g6 4. Nh3 Bg7 5. 0-0 0-0 6. c4 d6 7. Qb3 Nc6 8. Rd1 e6 9. Nc3 Qe7 10. d5 Ne5 11. Nf4 c6 12. Nxe6 Bxe6 13. dxe6 Rab8 14. f4 Neg4 15. h3 Nh6 16. Be3 a6 17. Rd3 Qxe6 18. Ba7 Rbc8 19. Rxd6 Qe7 20. Bd4 Nf7 21. c5 Ne8 22. Bxg7 Qe3+ 23. Kh2 Kxg7 24. Re6 Qxc5 25. Qxb7 Ned6 26. Qxa6 Rb8 27. Rd1 Rxb2 28. Na4 Qa3 29. Qxc6 Rxa2 30. Rdxd6 Nxd6 31. Rxd6 Qxa4 32. Rd7+ Kh6 33. Qc7 Rh8 34. g4 fxg4 35. hxg4 Rxe2 36. g5+ Kh5 37. Rxh7+ Kg4 38. Rxh8 Rxg2+ 39. Kxg2 Qa2+ 40. Kf1 Qa1+ 41. Ke2 Qxh8 42. Ke3 Qh3+ 43. Kd4 Qf3 44. Qd7+ Kg3 45. Kc5 Qf2+ 46. Kc6 Qxf4 47. Qe7 Kg4 48. Qe1 Kxg5 49. Qg1+ Kf5 50. Qc5+ Kg4 51. Qg1+ Qg3 52. Qd4+ Kh3 53. Qh8+ Kg2 54. Qb2+ Qf2 55. Qe5 Qf5 56. Qb2+ Kg3 57. Qb8+ Qf4 58. Qe8 Qa4+ 0-1

[Event "Ruhrgebiet Regionalliga 1112"]
[Site "Nordrheinwestfalen"]
[Date "2011.09.25"]
[Round "1.6"]
[White "Strathoff, Martin"]
[Black "Sicars, Thorsten"]
[Result "1-0"]
[WhiteElo "1972"]
[BlackElo "1995"]
[PlyCount "67"]
[EventDate "2011.09.25"]
[EventType "team-tourn"]
[EventRounds "9"]
[EventCountry "GER"]
[SourceTitle "EXT 2020"]
[Source "ChessBase"]
[SourceDate "2019.10.17"]
[SourceVersion "1"]
[SourceVersionDate "2019.10.17"]
[SourceQuality "1"]
[WhiteTeam "Brackel SF"]
[BlackTeam "Holsterhausen SK"]
[WhiteTeamCountry "GER"]
[BlackTeamCountry "GER"]

1. d4 d5 2. c4 c6 3. Nf3 Nf6 4. Nc3 dxc4 5. b3 cxb3 6. Qxb3 Qb6 7. Qc2 g6 8. e4 Bg7 9. Bc4 0-0 10. Rb1 Qa5 11. 0-0 Qh5 12. Ne2 Qa5 13. Ng3 Nbd7 14. h4 e5 15. Bd2 Qc7 16. Bb4 Rd8 17. Bxf7+ Kh8 18. Be7 exd4 19. Bxd8 Qxd8 20. e5 Ng4 21. e6 Nde5 22. Rbe1 Qe7 23. Nxe5 Nxe5 24. Re4 Nxf7 25. exf7 Qxf7 26. Qe2 h6 27. Re8+ Kh7 28. Re1 c5 29. Qd2 c4 30. R1e7 Qd5 31. Ne4 Qxe4 32. Rxe4 c3 33. Qd3 Bf5 34. Rxa8 1-0

[Event "Ruhrgebiet Regionalliga 1011"]
[Site "Nordrheinwestfalen"]
[Date "2010.10.31"]
[Round "2.8"]
[White "Strathoff, Martin"]
[Black "Pilat, Fabian"]
[Result "1/2-1/2"]
[WhiteElo "1941"]
[BlackElo "1961"]
[PlyCount "142"]
[EventDate "2010.09.19"]
[EventType "team-tourn"]
[EventRounds "9"]
[EventCountry "GER"]
[SourceTitle "EXT 2020"]
[Source "ChessBase"]
[SourceDate "2019.10.17"]
[SourceVersion "1"]
[SourceVersionDate "2019.10.17"]
[SourceQuality "1"]
[WhiteTeam "Brackel SF"]
[BlackTeam "Bochum SG III"]
[WhiteTeamCountry "GER"]
[BlackTeamCountry "GER"]

1. d4 e6 2. c4 d5 3. Nc3 Nf6 4. Bg5 Nbd7 5. Nf3 Be7 6. e3 0-0 7. Qc2 c6 8. cxd5 exd5 9. Bd3 Re8 10. 0-0 Nf8 11. Rab1 Ng6 12. b4 Ne4 13. Bxe7 Qxe7 14. b5 Ng5 15. Nxg5 Qxg5 16. f4 Qf6 17. bxc6 bxc6 18. f5 Nf8 19. Rf3 h6 20. Qa4 Bd7 21. Rb7 Qg5 22. Rg3 Qf6 23. Qa6 Kh8 24. Rc7 Qd6 25. Qa5 a6 26. Rb7 Rec8 27. Qc5 Qxc5 28. dxc5 Rcb8 29. Rb6 Be8 30. f6 g6 31. Rh3 Kh7 32. g4 Ne6 33. Na4 Bd7 34. Bxa6 Rxb6 35. cxb6 Rb8 36. e4 Ng5 37. Rb3 Nxe4 38. b7 c5 39. Nb6 Bc6 40. Nc8 c4 41. Rb6 Bd7 42. Kf1 c3 43. Bd3 Ba4 44. Ne7 c2 45. Bxc2 Bxc2 46. Nc6 Nd2+ 47. Ke2 Nc4 48. Rb4 d4 49. Rxc4 d3+ 50. Kd2 Rxb7 51. Rb4 Rc7 52. Ne5 Ra7 53. Rb2 g5 54. Ke3 Ra6 55. Rb7 Rxf6 56. Rxf7+ Rxf7 57. Nxf7 Kg7 58. Ne5 Kf6 59. Nxd3 Bd1 60. Nf2 Ba4 61. Kd4 Ke6 62. Ne4 Bd1 63. h3 Bc2 64. Nc5+ Kd6 65. a4 Bd1 66. a5 Bf3 67. Ne4+ Kc6 68. Ke5 Kb5 69. Nf2 h5 70. Kf5 hxg4 71. Nxg4 Bg2 1/2-1/2

[Event "GER-chT U20"]
[Site "Chemnitz"]
[Date "2009.12.29"]
[Round "5.4"]
[White "Bracker, Arne"]
[Black "Strathoff, Martin"]
[Result "1/2-1/2"]
[WhiteElo "2219"]
[BlackElo "2047"]
[PlyCount "97"]
[EventDate "2009.12.27"]
[EventType "team-swiss"]
[EventRounds "7"]
[EventCountry "GER"]
[SourceTitle "EXT 2022"]
[Source "ChessBase"]
[SourceDate "2021.10.06"]
[SourceVersion "1"]
[SourceVersionDate "2021.10.06"]
[SourceQuality "1"]
[WhiteTeam "Hamburger SK U20"]
[BlackTeam "Brackel SF U20"]
[WhiteTeamCountry "GER"]
[BlackTeamCountry "GER"]

1. d4 d5 2. c4 e6 3. Nf3 Nf6 4. Nc3 Be7 5. Bf4 0-0 6. e3 c6 7. Qb3 Nbd7 8. Rd1 Nh5 9. Be5 f6 10. Bg3 Nxg3 11. hxg3 f5 12. Bd3 Nf6 13. Ne5 Ne4 14. cxd5 cxd5 15. g4 g6 16. gxf5 gxf5 17. g3 Bf6 18. f3 Nxg3 19. Rg1 Kh8 20. Rxg3 Bh4 21. Kf2 Bxg3+ 22. Kxg3 Rg8+ 23. Ng4 Qc7+ 24. Kf2 fxg4 25. Rh1 g3+ 26. Kg2 Rg7 27. Ne2 Bd7 28. Nf4 Qa5 29. Qd1 Qxa2 30. Bxh7 Qxb2+ 31. Bc2+ Kg8 32. Qe2 Qc3 33. Nh5 Bb5 34. Bh7+ Kf8 35. Qxb5 Qd2+ 36. Kh3 Rxh7 37. Qc5+ Re7 38. Nf4 Kf7 39. Nxd5 exd5 40. Qxd5+ Kg7 41. Qg5+ Kf8 42. Qf6+ Ke8 43. Kxg3 Kd7 44. Qf5+ Kc7 45. Qc5+ Kd7 46. Qd5+ Kc7 47. Qc5+ Kd7 48. Qf5+ Kc7 49. Qc5+ 1/2-1/2

[Event "GER-chT U20"]
[Site "Chemnitz"]
[Date "2009.12.28"]
[Round "3.4"]
[White "Strathoff, Martin"]
[Black "Rosenblatt, Marcus"]
[Result "1/2-1/2"]
[WhiteElo "2047"]
[BlackElo "1959"]
[PlyCount "71"]
[EventDate "2009.12.27"]
[EventType "team-swiss"]
[EventRounds "7"]
[EventCountry "GER"]
[SourceTitle "EXT 2022"]
[Source "ChessBase"]
[SourceDate "2021.10.06"]
[SourceVersion "1"]
[SourceVersionDate "2021.10.06"]
[SourceQuality "1"]
[WhiteTeam "Brackel SF U20"]
[BlackTeam "Chemnitz USG U20"]
[WhiteTeamCountry "GER"]
[BlackTeamCountry "GER"]

1. d4 Nf6 2. c4 g6 3. Nc3 Bg7 4. e4 d6 5. f4 0-0 6. Nf3 c5 7. d5 b5 8. cxb5 Qa5 9. Bd3 Nxd5 10. exd5 Bxc3+ 11. bxc3 Qxc3+ 12. Qd2 Qxa1 13. 0-0 Qg7 14. f5 Nd7 15. fxg6 fxg6 16. h4 a6 17. h5 Ne5 18. Bb2 axb5 19. h6 Qh8 20. Bxe5 dxe5 21. d6 Qf6 22. Ng5 Bf5 23. g4 Ra4 24. gxf5 Rg4+ 25. Kh1 Rxg5 26. fxg6 Rh5+ 27. Kg1 Qg5+ 28. Qxg5 Rxg5+ 29. Kh2 Rxf1 30. dxe7 Rf2+ 31. Kh3 hxg6 32. e8Q+ Kh7 33. Bxb5 Rf3+ 34. Kh2 Rf2+ 35. Kh3 Rf3+ 36. Kh2 1/2-1/2

[Event "GER-chT U20"]
[Site "Chemnitz"]
[Date "2009.12.27"]
[Round "2.4"]
[White "Mazarov, Juergen"]
[Black "Strathoff, Martin"]
[Result "1-0"]
[WhiteElo "2185"]
[BlackElo "2047"]
[PlyCount "92"]
[EventDate "2009.12.27"]
[EventType "team-swiss"]
[EventRounds "7"]
[EventCountry "GER"]
[SourceTitle "EXT 2022"]
[Source "ChessBase"]
[SourceDate "2021.10.06"]
[SourceVersion "1"]
[SourceVersionDate "2021.10.06"]
[SourceQuality "1"]
[WhiteTeam "Bochum SG 1931 U20"]
[BlackTeam "Brackel SF U20"]
[WhiteTeamCountry "GER"]
[BlackTeamCountry "GER"]

1. e4 c5 2. Nf3 d6 3. d4 cxd4 4. Nxd4 Nf6 5. Nc3 a6 6. Bg5 e6 7. f4 Qb6 8. Qd2 Nc6 9. 0-0-0 Qxd4 10. Qxd4 Nxd4 11. Rxd4 Be7 12. Be2 Bd7 13. Rf1 Bc6 14. Bf3 Rf8 15. Bxf6 gxf6 16. f5 0-0-0 17. Bg4 Bd7 18. Rfd1 Rg8 19. Bh3 h5 20. Ne2 Bf8 21. Kb1 Bb5 22. fxe6 Bxe2 23. e7+ Kc7 24. exd8Q+ Kxd8 25. R1d2 Bg4 26. Bxg4 Rxg4 27. a3 Kc7 28. Rd5 h4 29. Re2 Bh6 30. Rh5 Bg5 31. Rh7 Kc6 32. Rxf7 Rf4 33. Ka2 Rf1 34. h3 Rf4 35. Kb3 Kb6 36. a4 a5 37. c3 Kc6 38. Ka2 Kb6 39. b4 axb4 40. cxb4 d5 41. a5+ Ka6 42. exd5 Rd4 43. Kb3 Rxd5 44. Re6+ Ka7 45. Rb6 Be3 46. Rbxb7+ Ka8 1-0